شا ہد جميل : ذ کر و فکر (Record no. 166523)

MARC details
000 -LEADER
fixed length control field 00672nam a22001937a 4500
005 - DATE AND TIME OF LATEST TRANSACTION
control field 20190726130618.0
010 ## - LCCN (DPL NO)
LC control number UR-10294
020 ## - INTERNATIONAL STANDARD BOOK NUMBER
Terms of availability 250.00
International Standard Book Number 9789388736145
035 ## - SYSTEM CONTROL NUMBER
System control number U-8849
037 ## - SOURCE OF ACQUISITION
Source of stock number/acquisition DBAD/PUB
082 ## - DEWEY DECIMAL CLASSIFICATION NUMBER
Classification number 808.08
100 ## - MAIN ENTRY--PERSONAL NAME
Personal name شا ن بھا ر تی
245 ## - TITLE STATEMENT
Title شا ہد جميل : ذ کر و فکر
Statement of responsibility, etc شا ن بھا ر تی
246 ## - VARYING FORM OF TITLE
Remainder of title Shahid Jameel : Zikr-o-Fikr (Urdu)
Title proper/short title by Shan Bharti
260 ## - PUBLICATION, DISTRIBUTION, ETC. (IMPRINT)
Place of publication, distribution, etc Delhi
Name of publisher, distributor, etc Educational Publishing House
Date of publication, distribution, etc 2018 ء
270 ## - ADDRESS
Address 3191,Vakil Street,Kucha Pandit Lal Kuan,
City Delhi
Postal code 110006
Telephone number 23216162
Fax number 0091-1123211540
300 ## - PHYSICAL DESCRIPTION
Extent 144 ص
Dimensions 22 Cm(Hb)
942 ## - ADDED ENTRY ELEMENTS (KOHA)
Source of classification or shelving scheme Dewey Decimal Classification
Item type Urdu Bks
Classification part 808.08
Call number suffix ش ا ہ
Holdings
Withdrawn status Lost status Not for loan Collection code Home library Current library Date acquired Source of acquisition Cost, normal purchase price Full call number Barcode Copy number Cost, replacement price Koha item type
    Not For Loan Non-fiction D.B.Act.Division D.B.Act.Division 26/07/2019 DBAD/PUB 250.00 808.08 ش ا ہ U-8849 1 250.00 Urdu Bks

© Delhi Public Library
Hit Counter
free hit counter